| 000 | 01732nam a22004337a 4500 | ||
|---|---|---|---|
| 003 | CHAP | ||
| 005 | 20220329143408.0 | ||
| 008 | 090330s2009 mx a r 000 0 spa d | ||
| 010 | _a95952 | ||
| 011 | _a96924 | ||
| 035 | _a107581 | ||
| 040 | _cCHAP | ||
| 090 | _aTesis | ||
| 100 | 1 |
_aArreola Borja, Laura Patricia _97442 |
|
| 245 | 1 | 0 |
_aAnálisis de la competitividad de las exportaciones de nuez pecanera en México y Estados Unidos _c/por Laura Patricia Arreola Borja |
| 260 |
_aChapingo, Méx. : _bEl autor, _c2009 |
||
| 300 |
_a71 h. : _bcuadros, diagramas, gráfs. |
||
| 502 | _aTesis (Lic. en Comercio Internacional de Productos Agropecuarios) -- UACH. División en Ciencias Económico Administrativas | ||
| 530 | _aTambién disponible en línea | ||
| 590 |
_aALEPH _b10 _c20130110 _lUCH01 _h1528 |
||
| 590 |
_aBATCH-UPD _b10 _c20130110 _lUCH01 _h0138 |
||
| 590 |
_aBATCH-UPD _b10 _c20130110 _lUCH01 _h0823 |
||
| 590 |
_aBATCH-UPD _b10 _c20130410 _lUCH01 _h0501 |
||
| 590 |
_aBATCH-UPD _b10 _c20130914 _lUCH01 _h0854 |
||
| 590 |
_aBATCH-UPD _b10 _c20140324 _lUCH01 _h1510 |
||
| 590 |
_aBATCH-UPD _b10 _c20141002 _lUCH01 _h0839 |
||
| 590 |
_aBATCH _b00 _c20181121 _lUCH01 _h0758 |
||
| 590 |
_aCONVERSION _b10 _c20130109 _lUCH01 _h1353 |
||
| 650 | 1 | 4 |
_aCarya pecan. _919718 |
| 650 | 1 | 4 |
_aExportación e importación _xE.U.A. _939093 |
| 650 | 1 | 4 |
_aExportación e importación _zMéxico. _939119 |
| 650 | 1 | 4 |
_aNuez _xVariedades. _982192 |
| 856 |
_3Finding aid _uhttp://10.13.5.2/tesis/107581.pdf _zTeclea aqui |
||
| 856 |
_a1 _n0000556 |
||
| 901 | _aBK | ||
| 942 | _cFOLL | ||
| 949 |
_aTesis _bBC _cTES _d33724002089413 _eTS1 _gDonaciØn _h49089 _i107581 _sb |
||
| 949 |
_aTesis _bBC _cTES _d33724002089454 _eTS2 _fc.2 _gDonaciØn _h49090 _i107581 _sb |
||
| 999 |
_c95952 _d95952 |
||